[Event "CZE-ch U10 Girls"]
[Site "Kouty nad Desnou"]
[Date "2020.03.11"]
[Round "6"]
[White "Ticha, Valerie"]
[Black "Kubickova, Linda"]
[Result "1-0"]
[WhiteElo "1023"]
[BlackElo "1088"]
[PlyCount "41"]
[EventDate "2020.03.07"]
[EventType "swiss"]
[EventRounds "7"]
[EventCountry "CZE"]
[SourceTitle "CBM 195 Extra"]
[Source "ChessBase"]
[SourceDate "2020.05.31"]
[SourceVersion "1"]
[SourceVersionDate "2020.05.31"]
[SourceQuality "1"]

1. e4 e5 2. Nf3 Nc6 3. d4 d6 4. Bb5 Nf6 5. d5 Bg4 6. dxc6 Rb8 7. cxb7+ Nd7 8. Bc6 Be7 9. Be3 0-0 10. Bxa7 Rxb7 11. Bxb7 Nf6 12. 0-0 Qd7 13. Nc3 c6 14. Bxc6 Qxa7 15. Bd5 Nxd5 16. Nxd5 Bg5 17. h3 Bxf3 18. Qxf3 Bd8 19. Nb4 Qb7 20. c3 Ba5 21. a3 1-0

[Event "CZE-ch U10 Girls"]
[Site "Kouty nad Desnou"]
[Date "2017.03.12"]
[Round "2"]
[White "Ticha, Valerie"]
[Black "Janouskova, Adela"]
[Result "0-1"]
[WhiteElo "1000"]
[BlackElo "1070"]
[PlyCount "40"]
[EventDate "2017.03.11"]
[EventType "swiss"]
[EventRounds "9"]
[EventCountry "CZE"]
[SourceTitle "CBM 177 Extra"]
[Source "ChessBase"]
[SourceDate "2017.04.27"]
[SourceVersion "1"]
[SourceVersionDate "2017.04.27"]
[SourceQuality "1"]

1. e4 e5 2. Nf3 Nc6 3. Nc3 Bc5 4. Bc4 d6 5. 0-0 Bg4 6. h3 Bh5 7. d3 Nd4 8. Bg5 Nxf3+ 9. gxf3 Qxg5+ 10. Kh1 Qh4 11. Qe2 Qxh3+ 12. Kg1 Bxf3 13. Qxf3 Qxf3 14. Nb5 Rc8 15. Nxa7 Bxa7 16. Rae1 h5 17. Rc1 h4 18. Rfe1 Qxf2+ 19. Kh1 h3 20. Rf1 Qg2# 0-1